000 00673nam a2200229Ia 4500
003 OSt
005 20220928131800.0
006 a|||||r|||| 00| 0
007 ta
008 220927b |||||||| |||| 00| 0 eng d
024 _a35888
037 _cReference Collections
040 _aSDCL
_cSDCL
_beng
041 _2eng
_aeng
082 _aW81aN7, L6 RR
100 _aBlackey Robert
_9479823
245 0 _aModern Revolutions and Revolutionists
_b A bibliography.
260 _aCalifornia
_bSanta-Barbara
_c1976
300 _axxvii,257p
_ccm.
942 _hW81aN7, L6 RR
_cREF
_2CC
999 _c792269
_d792269